000 00473nam a2200157 i 4500
001 61653
003 ES-MaACL
005 20230906164518.0
007 t|
008 031113s1943 ag ||||1| spa d
100 1 _aFagetti, Juan E.
_948617
245 1 0 _aPiropos a Buenos Aires
_b: (poemas uruguayos) /
_cJuan E. Fagetti.
260 _aBuenos Aires :
_bSoira Reilly,
_c1943 (
_fTalls. Gráfs. Perroti)
300 _a247 p. ;
_c21 cm.
852 _aES-MaACL
_jF-16319
_bR.21343
999 _c61653
_d61653